Deepwater Petroleum Exploration & Production : (Record no. 11616)
[ view plain ]
| 000 -LEADER | |
|---|---|
| fixed length control field | 01221cam a22003134a 4500 |
| 001 - CONTROL NUMBER | |
| control field | 13157959 |
| 005 - DATE AND TIME OF LATEST TRANSACTION | |
| control field | 20161229125149.0 |
| 008 - FIXED-LENGTH DATA ELEMENTS--GENERAL INFORMATION | |
| fixed length control field | 030410s2003 okua 001 0 eng |
| 010 ## - LIBRARY OF CONGRESS CONTROL NUMBER | |
| LC control number | 2003008348 |
| 020 ## - INTERNATIONAL STANDARD BOOK NUMBER | |
| International Standard Book Number | 0878148469 |
| 020 ## - INTERNATIONAL STANDARD BOOK NUMBER | |
| International Standard Book Number | 9780878148462 |
| 040 ## - CATALOGING SOURCE | |
| Original cataloging agency | DLC |
| Transcribing agency | DLC |
| Modifying agency | DLC |
| 042 ## - AUTHENTICATION CODE | |
| Authentication code | pcc |
| 050 00 - LIBRARY OF CONGRESS CALL NUMBER | |
| Classification number | TN871.3 |
| Item number | .L5 2003 |
| 082 00 - DEWEY DECIMAL CLASSIFICATION NUMBER | |
| Classification number | 622.33819 |
| Edition number | 21 |
| Item number | LEF |
| 100 1# - MAIN ENTRY--PERSONAL NAME | |
| Personal name | Leffler, William L. |
| 9 (RLIN) | 5116 |
| 245 10 - TITLE STATEMENT | |
| Title | Deepwater Petroleum Exploration & Production : |
| Remainder of title | A Nontechnical Guide / |
| Statement of responsibility, etc | William L. Leffler, Richard Pattarozzi, Gordon Sterling. |
| 246 3# - VARYING FORM OF TITLE | |
| Title proper/short title | Deepwater petroleum exploration and production |
| 260 ## - PUBLICATION, DISTRIBUTION, ETC. (IMPRINT) | |
| Place of publication, distribution, etc | Tulsa, Okla. : |
| Name of publisher, distributor, etc | PennWell, |
| Date of publication, distribution, etc | c2003. |
| 300 ## - PHYSICAL DESCRIPTION | |
| Extent | xiii, 166 p. : |
| Other physical details | ill. (some col.) ; |
| Dimensions | 24 cm. |
| 500 ## - GENERAL NOTE | |
| General note | Includes index. |
| 650 #0 - SUBJECT ADDED ENTRY--TOPICAL TERM | |
| Topical term or geographic name as entry element | Offshore oil well drilling. |
| 9 (RLIN) | 5117 |
| 650 #0 - SUBJECT ADDED ENTRY--TOPICAL TERM | |
| 9 (RLIN) | 5118 |
| Topical term or geographic name as entry element | Petroleum |
| General subdivision | Prospecting |
| 700 1# - ADDED ENTRY--PERSONAL NAME | |
| Personal name | Pattarozzi, Richard. |
| 9 (RLIN) | 5119 |
| 700 1# - ADDED ENTRY--PERSONAL NAME | |
| Personal name | Sterling, Gordon. |
| 9 (RLIN) | 5120 |
| 856 41 - ELECTRONIC LOCATION AND ACCESS | |
| Materials specified | Table of contents |
| Uniform Resource Identifier | <a href="http://www.loc.gov/catdir/toc/ecip042/2003008348.html">http://www.loc.gov/catdir/toc/ecip042/2003008348.html</a> |
| 942 ## - ADDED ENTRY ELEMENTS (KOHA) | |
| Source of classification or shelving scheme | Dewey Decimal Classification |
| Item type | Book - Borrowing |
| Withdrawn status | Item status | Source of classification or shelving scheme | Damaged status | Not for loan | Vendor | Home library | Current library | Shelving location | Date acquired | Source of acquisition | Cost, normal purchase price | Serial Enumeration / chronology | Total Checkouts | Total Renewals | Full call number | Barcode | Date last seen | Date last borrowed | Koha item type |
|---|---|---|---|---|---|---|---|---|---|---|---|---|---|---|---|---|---|---|---|
| Dewey Decimal Classification | Central Library | Central Library | First floor | 25/05/2009 | 555.00 | 955 | 15 | 44 | 622.33819 LEF | 000016216 | 15/07/2025 | 24/10/2017 | Book - Borrowing |